Derecho y Sociedad política : (Record no. 22140)

000 -CABECERA
fixed length control field 00980nam a22002057a 4500
003 - IDENTIFICADOR DEL NÚMERO DE CONTROL
control field AR-CdUCM
008 - DATOS DE LONGITUD FIJA--INFORMACIÓN GENERAL
fixed length control field 190429b ||||| |||| 00| 0 spa d
040 ## - FUENTE DE LA CATALOGACIÓN
Agencia/entidad que catalogó originalmente la obra MUNICIPALIDAD PROVINCIAL DEL CUSCO
Entidad que transcribió la catalogación BIBLIOTECA MUNICIPAL DEL CUSCO
082 ## - NÚMERO DE LA CLASIFICACIÓN DECIMAL DEWEY
No. de Clasificación Der.i.Socid/N°1/1985
245 ## - MENCIÓN DE TÍTULO
Título Derecho y Sociedad política :
Resto del título revista jurídica /
Mención de responsabilidad Fernando Murillo, Director
260 ## - PUBLICACIÓN, DISTRIBUCIÓN, ETC.
Lugar de publicación, distribución, etc. Cusco.
Nombre de la editorial, distribuidor, etc. Deiso,
Fecha de publicación, distribución, etc. 1985.
300 ## - DESCRIPCIÓN FÍSICA
Nº de Páginas Extensión 105 páginas. :
Dimensiones 16x21 cm.
440 ## - MENCIÓN DE SERIE/PUNTO DE ACCESO ADICIONAL--TÍTULO
Título Derecho y Sociedad política.
Número de la parte/sección de una obra N°1, setiembre 1985.
9 (RLIN) 47525
505 ## - NOTA DE CONTENIDO CON FORMATO
Nota de contenido formateada Contenido: Los derechos subjetivos. Julio Holgado O. -- La constitución y el análisis jurídico. M, Rubio. --El Derecho de persona. -- La teoría general del acto. -- Derechos reales. El derecho de familia. -- Delito de tráfico ilícito de drogas. -- La pena de muerte. -- Derecho penal militar. ...
650 ## - PUNTO DE ACCESO ADICIONAL DE MATERIA--TÉRMINO DE MATERIA
Descriptor Ciencias jurídicas
9 (RLIN) 15945
650 ## - PUNTO DE ACCESO ADICIONAL DE MATERIA--TÉRMINO DE MATERIA
Descriptor Derecho peruano
9 (RLIN) 21203
650 ## - PUNTO DE ACCESO ADICIONAL DE MATERIA--TÉRMINO DE MATERIA
Descriptor Siglo XX
9 (RLIN) 47526
942 ## - ELEMENTOS DE PUNTO DE ACCESO ADICIONAL (KOHA)
Fuente de clasificación
Tipo de item Revistas cusqueñas
945 ## - PROCESAMIENTO DE INFORMACIÓN LOCAL (OCLC)
Catalogador rac
Holdings
Estado de retiro (separado) Fuente de clasificación o esquema de estanterías Estado dañado Ubicación Sala donde se ubica Nombre de la colección Fecha de adquisición o compra Costo, precio normal en soles Signatura topográfica Código de Barras Última vez visto (Koha) Tipo de ítem (Koha)
No     Sala Hemeroteca Sala Hemeroteca Book Cart 2022-03-14 5.00 Der.i.Socid/N°1/1985 REVC000695 2022-03-14 Revistas cusqueñas

Powered by Koha